Topics in nonlinear functional analysis, 1973-1974 /
Guardado en:
| Autor Principal: | |
|---|---|
| Autor Corporativo: | |
| Formato: | Libro |
| Idioma: | English |
| Publicado: |
New York :
Courant Institute of Mathematical Sciences,
[1974]
|
| Materias: | |
| Etiquetas: |
Agregar Etiqueta
Sin Etiquetas, Sea el primero en etiquetar este registro!
|
| LEADER | 00830cam a2200229 a 4500 | ||
|---|---|---|---|
| 001 | MAT.inmabb005844 | ||
| 008 | 740812s1974####nyua#####b####000#0#eng## | ||
| 005 | 20130227131009.0 | ||
| 245 | 1 | 0 | |a Topics in nonlinear functional analysis, 1973-1974 / |c [by] L. Nirenberg. Notes by R. A. Artino. |
| 260 | |a New York : |b Courant Institute of Mathematical Sciences, |c [1974] | ||
| 300 | |a viii, 259 p. : |b il. ; |c 28 cm. | ||
| 504 | |a Bibliografía: p. 254-259. | ||
| 510 | 4 | |a MR, |c 58 #7672 | |
| 100 | 1 | |a Nirenberg, L. | |
| 710 | 2 | |a Courant Institute of Mathematical Sciences. | |
| 650 | 0 | |a Nonlinear functional analysis. | |
| 650 | 0 | |a Differential equations, Nonlinear. | |
| 650 | 0 | |a Nonlinear integral equations. | |
| 084 | |a 58-02 (47Hxx) |2 msc2000 | ||
| 010 | |a 74176230 | ||
| 040 | |a DLC |c DLC |d DLC | ||
| 859 | |h 58 |i N721 |p A-4434 |b BIB. MATEMATICA | ||
